[Event "Madrid-chT 2122"]
[Site "Madrid"]
[Date "2022.02.20"]
[Round "10.6"]
[White "Yañez Rodriguez, Wilbert"]
[Black "Suarez Uriel, Adrian"]
[Result "0-1"]
[WhiteElo "2120"]
[BlackElo "2348"]
[PlyCount "86"]
[EventDate "2021.11.27"]
[EventType "team-tourn"]
[EventRounds "14"]
[EventCountry "ESP"]
[SourceTitle "Ajedrez en Madrid"]
[Source "lmi"]
[SourceDate "2021.11.28"]
[SourceVersion "1"]
[SourceVersionDate "2022.03.28"]
[SourceQuality "1"]
[WhiteTeam "Alcala de Henares"]
[BlackTeam "Collado Villalba"]
[WhiteTeamCountry "ESP"]
[BlackTeamCountry "ESP"]

1. c4 g6 2. g3 Bg7 3. Bg2 e5 4. Nc3 Nc6 5. Nf3 Nge7 6. O-O O-O 7. d3 d6 8. Rb1
a5 9. a3 f5 10. Bd2 h6 11. b4 axb4 12. axb4 Be6 13. b5 Nb8 14. Ne1 Qc8 15. Nc2
f4 16. Nd5 Nxd5 17. cxd5 Bh3 18. Bb4 Bxg2 19. Kxg2 Nd7 20. Na3 Nf6 21. Qb3 e4
22. dxe4 Nxe4 23. f3 Ng5 24. g4 Re8 25. Qc4 h5 26. h3 hxg4 27. hxg4 Re4 28. Qd3
Kf7 29. Nc2 Qd7 30. Rh1 Rae8 31. Rbe1 Bf6 32. fxe4 Qxg4+ 33. Kf1 Nxe4 34. Qh3
Ng3+ 35. Kf2 Nxh1+ 36. Qxh1 Rh8 37. Qg2 Qf5 38. b6 Qxc2 39. Qg4 Qe4 40. Qd7+
Be7 41. Qe6+ Qxe6 42. dxe6+ Kxe6 43. Ra1 c5 0-1

[Event "Madrid-chT 2122"]
[Site "Madrid"]
[Date "2022.02.20"]
[Round "10.1"]
[White "Ingunza Curro, Andres"]
[Black "Corral Blanco, Juan Antonio"]
[Result "1/2-1/2"]
[WhiteElo "2374"]
[BlackElo "2414"]
[PlyCount "101"]
[EventDate "2021.11.27"]
[EventType "team-tourn"]
[EventRounds "14"]
[EventCountry "ESP"]
[SourceTitle "Ajedrez en Madrid"]
[Source "lmi"]
[SourceDate "2021.11.28"]
[SourceVersion "1"]
[SourceVersionDate "2022.03.28"]
[SourceQuality "1"]
[WhiteTeam "Tajamar"]
[BlackTeam "La Didactica"]
[WhiteTeamCountry "ESP"]
[BlackTeamCountry "ESP"]

1. e4 c5 2. Nf3 e6 3. d4 cxd4 4. Nxd4 Nc6 5. Nc3 Qc7 6. f4 a6 7. Nxc6 Qxc6 8.
Bd3 b5 9. Qe2 Bb7 10. Bd2 Be7 11. a3 Nf6 12. O-O-O h5 13. Rhf1 Rc8 14. Kb1 Qc7
15. e5 Nd5 16. Ne4 g6 17. Rc1 Qb6 18. Rf3 Rb8 19. c3 a5 20. Nd6+ Bxd6 21. exd6
b4 22. Qe5 Rg8 23. c4 bxa3 24. cxd5 Bxd5 25. Bc3 axb2 26. Bxb2 a4 27. Qc3 Bxf3
28. gxf3 Qxd6 29. Kc2 Rb3 30. Qc4 Ke7 31. Be5 Qb4 32. Qc7 Qb6 33. Qxb6 Rxb6 34.
Ra1 Rc8+ 35. Kd2 d6 36. Bd4 Rb4 37. Ke3 Ra8 38. Be4 Rb3+ 39. Ke2 d5 40. Bc2 Rb5
41. Rxa4 Rxa4 42. Bxa4 Rb1 43. Bc5+ Kf6 44. Bd4+ Ke7 45. Bc5+ Kd8 46. h4 Rh1
47. Bb6+ Ke7 48. Bc5+ Kf6 49. Bd4+ Ke7 50. Bc5+ Kd8 51. Bb6+ 1/2-1/2

[Event "Madrid-chT 2122"]
[Site "Madrid"]
[Date "2022.02.20"]
[Round "10.2"]
[White "Rottenwohrer Suarez, Juan"]
[Black "Elissalt Cardenas, Hector"]
[Result "0-1"]
[WhiteElo "2268"]
[BlackElo "2288"]
[PlyCount "118"]
[EventDate "2021.11.27"]
[EventType "team-tourn"]
[EventRounds "14"]
[EventCountry "ESP"]
[SourceTitle "Ajedrez en Madrid"]
[Source "lmi"]
[SourceDate "2021.11.28"]
[SourceVersion "1"]
[SourceVersionDate "2022.03.28"]
[SourceQuality "1"]
[WhiteTeam "La Didactica"]
[BlackTeam "Tajamar"]
[WhiteTeamCountry "ESP"]
[BlackTeamCountry "ESP"]

1. Nf3 Nf6 2. c4 e6 3. g3 d5 4. Bg2 Be7 5. O-O O-O 6. b3 b6 7. Bb2 Bb7 8. cxd5
exd5 9. d4 Nbd7 10. Nc3 Ne4 11. Rc1 Nxc3 12. Rxc3 c5 13. e3 a5 14. Ba3 a4 15.
bxa4 Ra5 16. Bh3 Nf6 17. Ne5 Bd6 18. Bg2 Re8 19. Nc4 dxc4 20. Bxb7 cxd4 21.
Qxd4 Bxa3 22. Qxd8 Rxd8 23. Rxa3 Rb8 24. Bc6 b5 25. Rb1 b4 26. Rc3 Rc5 27. Bf3
g5 28. Rc2 g4 29. Be2 c3 30. Kg2 h5 31. Bb5 Rd8 32. Rbc1 Ne4 33. Be2 f5 34. f3
Ng5 35. fxg4 hxg4 36. Kf2 Ne4+ 37. Ke1 Kg7 38. Bf1 Re5 39. Rd1 Nd2 40. Rdxd2
cxd2+ 41. Rxd2 Rxe3+ 42. Be2 Rxd2 43. Kxd2 Ra3 44. Bc4 Rxa4 45. Ke3 Kf6 46. Kd4
Ra8 47. Kc5 Rh8 48. Kxb4 Rxh2 49. a4 f4 50. gxf4 g3 51. Bd5 Rb2+ 52. Kc5 g2 53.
Bxg2 Rxg2 54. a5 Ke7 55. Kc6 Rc2+ 56. Kb7 Kd7 57. a6 Rb2+ 58. Ka7 Kc7 59. f5
Rb6 0-1

[Event "Madrid-chT 2122"]
[Site "Madrid"]
[Date "2022.02.20"]
[Round "10.3"]
[White "Mkrtchyan, Levon"]
[Black "Arriaga Lugo, Ricardo"]
[Result "1-0"]
[WhiteElo "2272"]
[BlackElo "2191"]
[PlyCount "55"]
[EventDate "2021.11.27"]
[EventType "team-tourn"]
[EventRounds "14"]
[EventCountry "ESP"]
[SourceTitle "Ajedrez en Madrid"]
[Source "lmi"]
[SourceDate "2021.11.28"]
[SourceVersion "1"]
[SourceVersionDate "2022.03.28"]
[SourceQuality "1"]
[WhiteTeam "Tajamar"]
[BlackTeam "La Didactica"]
[WhiteTeamCountry "ESP"]
[BlackTeamCountry "ESP"]

1. e4 c5 2. Nf3 d6 3. d4 cxd4 4. Nxd4 Nf6 5. Nc3 a6 6. Bg5 e6 7. Qf3 Be7 8.
O-O-O Qc7 9. Qg3 Bd7 10. f4 Nc6 11. Be2 Rc8 12. Bf3 b5 13. a3 Nxd4 14. Rxd4 a5
15. Be2 Qb6 16. Rhd1 b4 17. axb4 axb4 18. Nb1 Ba4 19. b3 Bc6 20. Bf3 d5 21.
Bxf6 Bxf6 22. e5 Be7 23. Qxg7 Rf8 24. f5 Bc5 25. fxe6 Bxd4 26. exf7+ Ke7 27.
Qf6+ Kd7 28. Qd6# 1-0

[Event "Madrid-chT 2122"]
[Site "Madrid"]
[Date "2022.02.20"]
[Round "10.4"]
[White "De la Puerta Cresis, Javier"]
[Black "Rodriguez Lopez, David"]
[Result "0-1"]
[WhiteElo "2137"]
[BlackElo "2153"]
[PlyCount "116"]
[EventDate "2021.11.27"]
[EventType "team-tourn"]
[EventRounds "14"]
[EventCountry "ESP"]
[SourceTitle "Ajedrez en Madrid"]
[Source "lmi"]
[SourceDate "2021.11.28"]
[SourceVersion "1"]
[SourceVersionDate "2022.03.28"]
[SourceQuality "1"]
[WhiteTeam "La Didactica"]
[BlackTeam "Tajamar"]
[WhiteTeamCountry "ESP"]
[BlackTeamCountry "ESP"]

1. d4 d5 2. c4 e6 3. g3 Nf6 4. Bg2 Be7 5. Nf3 O-O 6. O-O Nbd7 7. Qc2 c6 8. Nbd2
Re8 9. e4 Nxe4 10. Nxe4 dxe4 11. Qxe4 c5 12. Rd1 Qb6 13. Qc2 cxd4 14. Nxd4 e5
15. Nf5 Bc5 16. Be3 Bxe3 17. fxe3 Nf6 18. Nd6 Qxe3+ 19. Kh1 Rf8 20. Nxc8 Raxc8
21. Bxb7 Rc7 22. Bg2 Ng4 23. Rd2 Qh6 24. Bf3 Ne3 25. Qd3 Nf5 26. Bd5 Nxg3+ 27.
Kg2 Nh5 28. Kh1 Ng3+ 29. Kg2 Nf5 30. Re1 Nh4+ 31. Kh1 Ng6 32. b4 Rd7 33. a4
Rfd8 34. Rf2 Nf4 35. Qf5 Nxd5 36. cxd5 Qf6 37. Rxe5 Qxf5 38. Rexf5 f6 39. Rc2
Kf7 40. Rc6 Kg6 41. Rf2 Rxd5 42. Ra6 R8d7 43. Kg2 Rg5+ 44. Kf1 Rd1+ 45. Ke2 Rd4
46. b5 Rgg4 47. a5 Rb4 48. Kf3 Rgf4+ 49. Kg3 Rfc4 50. Rxa7 Rxb5 51. Ra2 Rg5+
52. Kf3 Rc3+ 53. Ke4 Rc4+ 54. Kd3 Rh4 55. a6 Rgg4 56. Rb2 Rh3+ 57. Kc2 Rxh2+
58. Kb3 Rg3+ 0-1

[Event "Madrid-chT 2122"]
[Site "Madrid"]
[Date "2022.02.20"]
[Round "10.5"]
[White "Sahuquillo Cruz, Alejandro"]
[Black "Rodriguez Lapetra, Pablo"]
[Result "1/2-1/2"]
[WhiteElo "2018"]
[BlackElo "2139"]
[PlyCount "94"]
[EventDate "2021.11.27"]
[EventType "team-tourn"]
[EventRounds "14"]
[EventCountry "ESP"]
[SourceTitle "Ajedrez en Madrid"]
[Source "lmi"]
[SourceDate "2021.11.28"]
[SourceVersion "1"]
[SourceVersionDate "2022.03.28"]
[SourceQuality "1"]
[WhiteTeam "Tajamar"]
[BlackTeam "La Didactica"]
[WhiteTeamCountry "ESP"]
[BlackTeamCountry "ESP"]

1. e4 c5 2. Nf3 Nc6 3. d4 cxd4 4. Nxd4 Nf6 5. Nc3 e5 6. Ndb5 d6 7. Bg5 a6 8.
Bxf6 gxf6 9. Na3 b5 10. Nd5 Bg7 11. c3 Ne7 12. Nxe7 Qxe7 13. Nc2 f5 14. exf5
O-O 15. Ne3 Bb7 16. Nd5 Qh4 17. Be2 Qe4 18. Ne3 Qc6 19. Bf3 e4 20. Bh5 b4 21.
O-O d5 22. Rc1 bxc3 23. bxc3 Rac8 24. Qb3 Rfd8 25. h3 Qb5 26. Qd1 Qd7 27. f6
Bxf6 28. Bg4 Qd6 29. Bxc8 Bxc8 30. Qh5 Qe5 31. Ng4 Bxg4 32. Qxe5 Bxe5 33. hxg4
Rc8 34. Rfd1 Rc5 35. g3 Bxc3 36. Rc2 d4 37. Re2 Re5 38. f3 e3 39. Rd3 Rb5 40.
Kg2 Rb1 41. f4 a5 42. Kf3 a4 43. Rexe3 dxe3 44. Rxc3 e2 45. Kxe2 Rb2+ 46. Kd3
Rxa2 47. Kc4 Kg7 1/2-1/2

[Event "Madrid-chT 2122"]
[Site "Madrid"]
[Date "2022.02.20"]
[Round "10.6"]
[White "Baldus Martin, Juan"]
[Black "Martinez Aragon, Aitor"]
[Result "1-0"]
[WhiteElo "1998"]
[BlackElo "1996"]
[PlyCount "87"]
[EventDate "2021.11.27"]
[EventType "team-tourn"]
[EventRounds "14"]
[EventCountry "ESP"]
[SourceTitle "Ajedrez en Madrid"]
[Source "lmi"]
[SourceDate "2021.11.28"]
[SourceVersion "1"]
[SourceVersionDate "2022.03.28"]
[SourceQuality "1"]
[WhiteTeam "La Didactica"]
[BlackTeam "Tajamar"]
[WhiteTeamCountry "ESP"]
[BlackTeamCountry "ESP"]

1. d4 Nf6 2. c4 e6 3. Nf3 Bb4+ 4. Nbd2 d6 5. a3 Bxd2+ 6. Qxd2 b6 7. e3 Bb7 8.
Be2 Nbd7 9. O-O O-O 10. b4 Ne4 11. Qc2 f5 12. Bb2 Qe7 13. Rad1 Rae8 14. Ne1 Qg5
15. Bc1 Qg6 16. f3 Ng5 17. Qa4 Nf6 18. Qxa7 Rb8 19. Qa4 h5 20. Qc2 h4 21. c5 e5
22. dxe5 dxe5 23. Qc4+ Nf7 24. Qxh4 bxc5 25. bxc5 e4 26. Qg3 Qh6 27. Bc4 Rbc8
28. Nc2 exf3 29. gxf3 f4 30. exf4 Qh5 31. Be3 Rce8 32. Bd4 Kh8 33. Ne3 Nh6 34.
Bd3 Rxe3 35. Bxe3 Nf5 36. Bxf5 Qxf5 37. Bd4 Nh5 38. Qg5 Qf7 39. Be5 Bc6 40. Rd8
Be8 41. Re1 Kh7 42. a4 g6 43. a5 Qb3 44. Qe7+ 1-0

[Event "Madrid-chT 2122"]
[Site "Madrid"]
[Date "2022.02.26"]
[Round "11.1"]
[White "Espinosa Aranda, Angel"]
[Black "Candela Perez, Jose"]
[Result "1-0"]
[WhiteElo "2450"]
[BlackElo "2334"]
[PlyCount "65"]
[EventDate "2021.11.27"]
[EventType "team-tourn"]
[EventRounds "14"]
[EventCountry "ESP"]
[SourceTitle "Ajedrez en Madrid"]
[Source "lmi"]
[SourceDate "2021.11.28"]
[SourceVersion "1"]
[SourceVersionDate "2022.03.28"]
[SourceQuality "1"]
[WhiteTeam "Virgen de Atocha"]
[BlackTeam "Alcala de Henares"]
[WhiteTeamCountry "ESP"]
[BlackTeamCountry "ESP"]

1. e4 c5 2. Nf3 d6 3. d4 cxd4 4. Nxd4 Nf6 5. Nc3 a6 6. h3 e6 7. g4 b5 8. Bg2
Bb7 9. O-O b4 10. Nd5 exd5 11. exd5 Be7 12. g5 Nfd7 13. Nc6 Qb6 14. Nxe7 Kxe7
15. Re1+ Kd8 16. Be3 Nc5 17. Qd4 Rg8 18. a3 a5 19. Qf4 Nbd7 20. axb4 Qxb4 21.
Qxd6 Nd3 22. Bb6+ Qxb6 23. Qe7+ Kc7 24. cxd3 Rad8 25. b4 axb4 26. Re4 Kb8 27.
Rxb4 Qc5 28. Rxb7+ Kxb7 29. d6+ Kb6 30. Rb1+ Ka6 31. Qe4 Rb8 32. Ra1+ Kb6 33.
Qa4 1-0

[Event "Madrid-chT 2122"]
[Site "Madrid"]
[Date "2022.02.26"]
[Round "11.2"]
[White "Moreno Ibañez, Miguel"]
[Black "Almagro Llamas, Pablo"]
[Result "0-1"]
[WhiteElo "2284"]
[BlackElo "2403"]
[PlyCount "72"]
[EventDate "2021.11.27"]
[EventType "team-tourn"]
[EventRounds "14"]
[EventCountry "ESP"]
[SourceTitle "Ajedrez en Madrid"]
[Source "lmi"]
[SourceDate "2021.11.28"]
[SourceVersion "1"]
[SourceVersionDate "2022.03.28"]
[SourceQuality "1"]
[WhiteTeam "Alcala de Henares"]
[BlackTeam "Virgen de Atocha"]
[WhiteTeamCountry "ESP"]
[BlackTeamCountry "ESP"]

1. Nf3 Nf6 2. c4 c6 3. Nc3 d5 4. e3 e6 5. b3 Nbd7 6. Qc2 a6 7. d4 Bd6 8. Be2
O-O 9. Bb2 Qe7 10. Rd1 b6 11. e4 Bb4 12. e5 Ne4 13. O-O Bxc3 14. Bxc3 Nxc3 15.
Qxc3 Bb7 16. cxd5 exd5 17. Bd3 Rfe8 18. Qd2 c5 19. Bb1 Rac8 20. Qf4 Nf8 21. Qg3
cxd4 22. Rxd4 Rc3 23. Re1 Qc5 24. Rg4 g6 25. Qf4 d4 26. Nxd4 Rxe5 27. Rf1 Be4
28. Bxe4 Qxd4 29. Qf6 Qc5 30. Bb7 a5 31. Rf4 Qc7 32. Ba6 b5 33. a4 Re6 34. Qd4
Rxa6 35. axb5 Rb6 36. h4 Ne6 0-1

[Event "Madrid-chT 2122"]
[Site "Madrid"]
[Date "2022.02.26"]
[Round "11.3"]
[White "Vallejo Diaz, Jesus"]
[Black "Palenciano Escolar, Adrian"]
[Result "1-0"]
[WhiteElo "2226"]
[BlackElo "2131"]
[PlyCount "87"]
[EventDate "2021.11.27"]
[EventType "team-tourn"]
[EventRounds "14"]
[EventCountry "ESP"]
[SourceTitle "Ajedrez en Madrid"]
[Source "lmi"]
[SourceDate "2021.11.28"]
[SourceVersion "1"]
[SourceVersionDate "2022.03.28"]
[SourceQuality "1"]
[WhiteTeam "Virgen de Atocha"]
[BlackTeam "Alcala de Henares"]
[WhiteTeamCountry "ESP"]
[BlackTeamCountry "ESP"]

1. e4 c5 2. Nf3 d6 3. c3 Nf6 4. h3 Bd7 5. Bd3 Bc6 6. Qe2 e6 7. Bc2 Be7 8. O-O
a6 9. d4 cxd4 10. Nxd4 Bd7 11. Rd1 Qc7 12. c4 Nc6 13. Nxc6 Qxc6 14. Nc3 Rc8 15.
Bd3 O-O 16. f4 b5 17. cxb5 axb5 18. Nxb5 Qc5+ 19. Be3 Qb4 20. Nc3 Rb8 21. Rd2
Bc6 22. a3 Qb7 23. Bd4 Rfd8 24. b4 d5 25. e5 Ne4 26. Rc2 g6 27. Qe3 Nxc3 28.
Rxc3 Bb5 29. Rac1 Bxd3 30. Qxd3 Rdc8 31. Rxc8+ Rxc8 32. Rxc8+ Qxc8 33. Be3 Qa8
34. Kh2 Kg7 35. Qb3 f6 36. Bd4 fxe5 37. Bxe5+ Bf6 38. Qc3 Bxe5 39. Qxe5+ Kf7
40. Qc7+ Kf6 41. b5 Qxa3 42. b6 h5 43. b7 h4 44. Qe5+ 1-0

[Event "Madrid-chT 2122"]
[Site "Madrid"]
[Date "2022.02.26"]
[Round "11.4"]
[White "Cubillo Muñoz, Miguel"]
[Black "Gil Quilez, David"]
[Result "1-0"]
[WhiteElo "2145"]
[BlackElo "2160"]
[PlyCount "101"]
[EventDate "2021.11.27"]
[EventType "team-tourn"]
[EventRounds "14"]
[EventCountry "ESP"]
[SourceTitle "Ajedrez en Madrid"]
[Source "lmi"]
[SourceDate "2021.11.28"]
[SourceVersion "1"]
[SourceVersionDate "2022.03.28"]
[SourceQuality "1"]
[WhiteTeam "Alcala de Henares"]
[BlackTeam "Virgen de Atocha"]
[WhiteTeamCountry "ESP"]
[BlackTeamCountry "ESP"]

1. Nf3 f5 2. g3 g6 3. Bg2 Bg7 4. O-O Nf6 5. c4 O-O 6. Nc3 d6 7. Rb1 e5 8. d3 h6
9. e4 g5 10. exf5 Bxf5 11. h4 g4 12. Ne1 c6 13. Nc2 Nbd7 14. Ne3 Be6 15. b4 a5
16. b5 Qc7 17. bxc6 bxc6 18. Ba3 Rab8 19. Qa4 Rfc8 20. Ne4 Nxe4 21. Bxe4 c5 22.
Bd5 Nf8 23. Nxg4 Bxd5 24. cxd5 Qf7 25. Ne3 Ng6 26. Qg4 Kh7 27. Qe4 Kg8 28. Nc4
Rxb1 29. Rxb1 Rf8 30. Rf1 Qf6 31. Bc1 Ne7 32. Bd2 a4 33. Kg2 Rf7 34. Ne3 h5 35.
f4 exf4 36. Rxf4 Qg6 37. Rxf7 Qxf7 38. Qxa4 Bd4 39. Qb3 Kh7 40. Qb7 Kg6 41. Qd7
Bxe3 42. Qxd6+ Kh7 43. Bxe3 Nxd5 44. Qh6+ Kg8 45. Qg5+ Kh7 46. Bxc5 Nf6 47.
Qf5+ Kg8 48. Bd4 Qxa2+ 49. Kh3 Ng4 50. Qg6+ Kf8 51. Bc5# 1-0

[Event "Madrid-chT 2122"]
[Site "Madrid"]
[Date "2022.02.26"]
[Round "11.5"]
[White "Rodrigo Yanguas, Maria"]
[Black "Yañez Rodriguez, Wilbert"]
[Result "0-1"]
[WhiteElo "1970"]
[BlackElo "2120"]
[PlyCount "120"]
[EventDate "2021.11.27"]
[EventType "team-tourn"]
[EventRounds "14"]
[EventCountry "ESP"]
[SourceTitle "Ajedrez en Madrid"]
[Source "lmi"]
[SourceDate "2021.11.28"]
[SourceVersion "1"]
[SourceVersionDate "2022.03.28"]
[SourceQuality "1"]
[WhiteTeam "Virgen de Atocha"]
[BlackTeam "Alcala de Henares"]
[WhiteTeamCountry "ESP"]
[BlackTeamCountry "ESP"]

1. e4 c5 2. Nf3 g6 3. d4 cxd4 4. Nxd4 Nf6 5. Nc3 d6 6. Bc4 Bg7 7. O-O O-O 8.
Re1 Nc6 9. Nb3 Bd7 10. Bg5 Rc8 11. Bf1 Be6 12. Nd5 Bxd5 13. exd5 Ne5 14. c3 Re8
15. Qd4 a6 16. Rad1 Qc7 17. Qh4 b5 18. Rd4 Qb6 19. Nd2 Rc5 20. Ne4 Nxe4 21.
Qxe4 h6 22. Bc1 Nd7 23. Qh4 Bxd4 24. Qxd4 Rc4 25. Qxb6 Nxb6 26. Bxc4 bxc4 27.
Re4 f5 28. Rh4 h5 29. Be3 Nxd5 30. Rxc4 Nxe3 31. fxe3 Rb8 32. b3 Rb5 33. Kf2
Kf7 34. Rc6 a5 35. c4 Rc5 36. Rb6 g5 37. Ke2 Ke6 38. Kd3 h4 39. Rb8 Kf6 40. Re8
Ke6 41. Rg8 Kf6 42. Rf8+ Kg7 43. Re8 Kf7 44. Rh8 Re5 45. a3 Kg7 46. Rb8 f4 47.
exf4 gxf4 48. Rb5 Re3+ 49. Kd2 a4 50. bxa4 Rxa3 51. Rh5 Kg6 52. Rxh4 e5 53. g4
Kg5 54. Rh8 Kxg4 55. Rd8 Kf3 56. Rxd6 e4 57. c5 e3+ 58. Ke1 Ra1+ 59. Rd1 Rxd1+
60. Kxd1 Kg2 0-1

[Event "Madrid-chT 2122"]
[Site "Madrid"]
[Date "2022.02.26"]
[Round "11.6"]
[White "Manzanares Campillo, Andres"]
[Black "Rey Martinez, Jaime"]
[Result "0-1"]
[WhiteElo "1880"]
[BlackElo "2042"]
[PlyCount "70"]
[EventDate "2021.11.27"]
[EventType "team-tourn"]
[EventRounds "14"]
[EventCountry "ESP"]
[SourceTitle "Ajedrez en Madrid"]
[Source "lmi"]
[SourceDate "2021.11.28"]
[SourceVersion "1"]
[SourceVersionDate "2022.03.28"]
[SourceQuality "1"]
[WhiteTeam "Alcala de Henares"]
[BlackTeam "Virgen de Atocha"]
[WhiteTeamCountry "ESP"]
[BlackTeamCountry "ESP"]

1. d4 d5 2. Nf3 e6 3. g3 Nf6 4. c4 dxc4 5. Qa4+ Nbd7 6. Bg2 a6 7. Nc3 c5 8.
dxc5 Bxc5 9. Qxc4 b5 10. Qd3 Bb7 11. O-O O-O 12. a3 Rc8 13. Be3 Qc7 14. Rac1
Rfd8 15. Bxc5 Nxc5 16. Qb1 Bxf3 17. Bxf3 Nb3 18. Rfd1 Nxc1 19. Rxd8+ Qxd8 20.
Qxc1 Qc7 21. Qd1 Rd8 22. Qb3 Qc4 23. Qc2 a5 24. Kg2 h6 25. h3 e5 26. Qf5 Qe6
27. Qc2 Rc8 28. Qb1 g6 29. e3 Qb3 30. Qf1 Qxb2 31. Nxb5 Rc1 32. Qe2 Rc2 33. Qf1
e4 34. Bd1 Rc1 35. Qe2 Qb1 0-1

[Event "Madrid-chT 2122"]
[Site "Madrid"]
[Date "2022.02.26"]
[Round "11.1"]
[White "Martinez Reyes, Pedro Ramon"]
[Black "Vazquez Igarza, Renier"]
[Result "0-1"]
[WhiteElo "2404"]
[BlackElo "2533"]
[PlyCount "140"]
[EventDate "2021.11.27"]
[EventType "team-tourn"]
[EventRounds "14"]
[EventCountry "ESP"]
[SourceTitle "Ajedrez en Madrid"]
[Source "lmi"]
[SourceDate "2021.11.28"]
[SourceVersion "1"]
[SourceVersionDate "2022.03.28"]
[SourceQuality "1"]
[WhiteTeam "Blanco y Negro"]
[BlackTeam "Collado Villalba"]
[WhiteTeamCountry "ESP"]
[BlackTeamCountry "ESP"]

1. Nf3 c5 2. g3 g6 3. Bg2 Bg7 4. O-O Nc6 5. c3 e5 6. d4 exd4 7. cxd4 cxd4 8.
Na3 Nge7 9. Nb5 d5 10. Nbxd4 O-O 11. Be3 Re8 12. Qd2 Nf5 13. Nxc6 bxc6 14. Bc5
a5 15. Rfe1 Rb8 16. Nd4 Bxd4 17. Bxd4 Nxd4 18. Qxd4 Qb6 19. Qxb6 Rxb6 20. b3 a4
21. Rac1 axb3 22. axb3 Bf5 23. Rc3 Kf8 24. Bf3 Reb8 25. Rec1 Bd7 26. Rb1 Ke7
27. Kf1 Kd6 28. e3 Rb4 29. Ke1 Ra8 30. Bd1 h5 31. h4 c5 32. Rcc1 Rb6 33. Ra1
Rba6 34. Rxa6+ Rxa6 35. Kd2 Bf5 36. Bc2 Ra2 37. Kd1 Rb2 38. Bxf5 gxf5 39. Rc2
Rxb3 40. Ra2 Ke5 41. Ke2 Ke4 42. Rc2 c4 43. Rd2 Ke5 44. Ra2 Ke4 45. Rd2 Ra3 46.
Rb2 Ra5 47. Rd2 Ke5 48. Rb2 d4 49. exd4+ Kxd4 50. Rd2+ Kc3 51. Rd7 Kb2 52. Rb7+
Ka2 53. Rxf7 c3 54. Kf3 Rd5 55. Rc7 Kb3 56. Kf4 c2 57. Kg5 f4+ 58. Kxf4 Rd4+
59. Kf3 Rd1 60. Rb7+ Ka4 61. Rc7 c1=Q 62. Rxc1 Rxc1 63. g4 hxg4+ 64. Kf4 Kb4
65. h5 Kc4 66. Kxg4 Kd5 67. Kf5 Rh1 68. Kg6 Ke6 69. h6 Rg1+ 70. Kh7 Kf7 0-1

[Event "Madrid-chT 2122"]
[Site "Madrid"]
[Date "2022.02.26"]
[Round "11.2"]
[White "Pulvett Marin, Daniel Eduardo"]
[Black "Taboas Rodriguez, Daniel"]
[Result "1-0"]
[WhiteElo "2498"]
[BlackElo "2355"]
[PlyCount "92"]
[EventDate "2021.11.27"]
[EventType "team-tourn"]
[EventRounds "14"]
[EventCountry "ESP"]
[SourceTitle "Ajedrez en Madrid"]
[Source "lmi"]
[SourceDate "2021.11.28"]
[SourceVersion "1"]
[SourceVersionDate "2022.03.28"]
[SourceQuality "1"]
[WhiteTeam "Collado Villalba"]
[BlackTeam "Blanco y Negro"]
[WhiteTeamCountry "ESP"]
[BlackTeamCountry "ESP"]

1. d4 d6 2. c4 Nf6 3. Nc3 g6 4. e4 Bg7 5. Nf3 O-O 6. Be2 e5 7. d5 a5 8. Bg5 h6
9. Be3 Ng4 10. Bd2 f5 11. exf5 gxf5 12. h3 Nf6 13. g4 f4 14. g5 e4 15. Bxf4
exf3 16. gxf6 Re8 17. fxg7 fxe2 18. Qd4 Bf5 19. Rg1 Nd7 20. Bxh6 Ne5 21. Rg3
Qf6 22. Qf4 Qf7 23. Nb5 Rac8 24. Rc1 Nd3+ 25. Rxd3 Bxd3 26. Qxf7+ Kxf7 27. Rc3
Bh7 28. c5 Kg6 29. Be3 Bg8 30. Bd4 Bxd5 31. cxd6 cxd6 32. Nc7 Bxa2 33. Nxe8
Rxe8 34. b3 Rg8 35. Rf3 b5 36. Kxe2 a4 37. bxa4 bxa4 38. Kd2 Kh7 39. Rf8 Be6
40. h4 a3 41. f4 a2 42. f5 Bd5 43. f6 Kg6 44. f7 Rxg7 45. h5+ Kh7 46. Rh8+ Kxh8
1-0

[Event "Madrid-chT 2122"]
[Site "Madrid"]
[Date "2022.02.26"]
[Round "11.3"]
[White "Alarcia Astiz, Carlos"]
[Black "Lianes Garcia, Marcos"]
[Result "0-1"]
[WhiteElo "2294"]
[BlackElo "2402"]
[PlyCount "84"]
[EventDate "2021.11.27"]
[EventType "team-tourn"]
[EventRounds "14"]
[EventCountry "ESP"]
[SourceTitle "Ajedrez en Madrid"]
[Source "lmi"]
[SourceDate "2021.11.28"]
[SourceVersion "1"]
[SourceVersionDate "2022.03.28"]
[SourceQuality "1"]
[WhiteTeam "Blanco y Negro"]
[BlackTeam "Collado Villalba"]
[WhiteTeamCountry "ESP"]
[BlackTeamCountry "ESP"]

1. d4 d5 2. Nf3 e6 3. Bf4 Nf6 4. h3 Bd6 5. Bxd6 Qxd6 6. Nbd2 c5 7. dxc5 Qxc5 8.
e3 Nc6 9. c4 d4 10. exd4 Nxd4 11. Nxd4 Qxd4 12. Qc2 Bd7 13. Be2 Bc6 14. Bf3
Qe5+ 15. Kf1 Rc8 16. Rc1 O-O 17. Qc3 Qd6 18. Ke2 Bxf3+ 19. Qxf3 Qe5+ 20. Qe3
Qxb2 21. Rb1 Qxa2 22. Ra1 Qc2 23. Rhc1 Qg6 24. Rxa7 Qxg2 25. Raa1 Qg6 26. Rg1
Qh5+ 27. Kf1 Rc5 28. Rb1 b5 29. cxb5 Rxb5 30. Rxb5 Qxb5+ 31. Kg2 g6 32. Kh2
Qb8+ 33. Kh1 Qb7+ 34. Rg2 Rd8 35. f3 Qd5 36. Kh2 Qd6+ 37. Kh1 Qd4 38. Qh6 Rd5
39. Ne4 Nxe4 40. fxe4 Qxe4 41. Qc1 Rd3 42. Qa1 Rd2 0-1

[Event "Madrid-chT 2122"]
[Site "Madrid"]
[Date "2022.02.26"]
[Round "11.4"]
[White "Quispe Arteaga, Gabriel"]
[Black "Hidalgo Duque, Carlos"]
[Result "1/2-1/2"]
[WhiteElo "2389"]
[BlackElo "2243"]
[PlyCount "99"]
[EventDate "2021.11.27"]
[EventType "team-tourn"]
[EventRounds "14"]
[EventCountry "ESP"]
[SourceTitle "Ajedrez en Madrid"]
[Source "lmi"]
[SourceDate "2021.11.28"]
[SourceVersion "1"]
[SourceVersionDate "2022.03.28"]
[SourceQuality "1"]
[WhiteTeam "Collado Villalba"]
[BlackTeam "Blanco y Negro"]
[WhiteTeamCountry "ESP"]
[BlackTeamCountry "ESP"]

1. c4 e6 2. Nc3 d5 3. d4 c6 4. e4 dxe4 5. Nxe4 Bb4+ 6. Bd2 Qxd4 7. Bxb4 Qxe4+
8. Be2 Na6 9. Ba3 Nh6 10. Nf3 c5 11. O-O O-O 12. Bd3 Qc6 13. Qe2 f6 14. Rad1
Rf7 15. Rd2 Bd7 16. Rfd1 Re8 17. Bxh7+ Kxh7 18. Rd6 Qc7 19. Qd3+ Kg8 20. Rxd7
Rxd7 21. Qxd7 Re7 22. Qd3 b6 23. Qe4 Kf7 24. g4 Qb7 25. Qxb7 Rxb7 26. h3 Ke7
27. Nd4 Nb8 28. Re1 e5 29. g5 fxg5 30. Rxe5+ Kf6 31. Nf3 g4 32. hxg4 Nxg4 33.
Re4 Kf5 34. Re8 Nc6 35. b3 Nf6 36. Rc8 Kf4 37. Kg2 Nd4 38. Bc1+ Ke4 39. Ne1 Re7
40. Ra8 g5 41. Rf8 Kf5 42. Nf3 Ne6 43. Rh8 Nf4+ 44. Bxf4 gxf4 45. Kf1 Ne4 46.
Rf8+ Kg4 47. Nh2+ Kg5 48. Nf3+ Kg4 49. Nh2+ Kg5 50. Nf3+ 1/2-1/2